[Event "Berlin Lichtenberger op 15th"]
[Site "Berlin"]
[Date "2016.08.19"]
[Round "7"]
[White "Caglar, Bertan"]
[Black "Geist, Wolfgang"]
[Result "1/2-1/2"]
[WhiteElo "1152"]
[BlackElo "1447"]
[PlyCount "47"]
[EventDate "2016.08.13"]
[EventType "swiss"]
[EventRounds "9"]
[EventCountry "GER"]
[SourceTitle "CBM 173 Extra"]
[Source "ChessBase"]
[SourceDate "2016.08.29"]
[SourceVersion "1"]
[SourceVersionDate "2016.08.29"]
[SourceQuality "1"]

1. Nf3 d5 2. g3 c6 3. Bg2 Nf6 4. d3 e6 5. 0-0 Be7 6. Nbd2 0-0 7. e4 dxe4 8. dxe4 Qc7 9. e5 Nd5 10. c4 Nb6 11. b3 Rd8 12. Qc2 N6d7 13. Ne4 Nxe5 14. Nxe5 Qxe5 15. Bf4 Qa5 16. a3 Rd7 17. b4 Qd8 18. Rad1 Rxd1 19. Rxd1 Nd7 20. h4 Qe8 21. Bd6 f5 22. Bxe7 Qxe7 23. Nd6 Nf6 24. c5 1/2-1/2

[Event "Berlin Lichtenberger op 15th"]
[Site "Berlin"]
[Date "2016.08.17"]
[Round "5"]
[White "Caglar, Bertan"]
[Black "Mueller, Joerg Rene"]
[Result "0-1"]
[WhiteElo "1152"]
[BlackElo "1557"]
[PlyCount "60"]
[EventDate "2016.08.13"]
[EventType "swiss"]
[EventRounds "9"]
[EventCountry "GER"]
[SourceTitle "CBM 173 Extra"]
[Source "ChessBase"]
[SourceDate "2016.08.29"]
[SourceVersion "1"]
[SourceVersionDate "2016.08.29"]
[SourceQuality "1"]

1. Nf3 d5 2. g3 c6 3. Bg2 Qc7 4. d3 e5 5. Nbd2 Be7 6. 0-0 Nf6 7. e4 d4 8. c3 c5 9. Qc2 Nc6 10. a3 a5 11. Rb1 Be6 12. Ng5 Bd7 13. b4 h6 14. Ngf3 a4 15. bxc5 Bxc5 16. cxd4 exd4 17. Nc4 b6 18. Bf4 Qd8 19. Nd6+ Bxd6 20. Bxd6 Rc8 21. Qxa4 Ne5 22. Qd1 Nxf3+ 23. Qxf3 Bg4 24. Qf4 g5 25. Qd2 Qxd6 26. Rfe1 Nd7 27. h3 Be6 28. a4 0-0 29. a5 bxa5 30. Qxa5 Rc3 0-1